| 000 | 00967nas a2200301 4500 | ||
|---|---|---|---|
| 001 | BR0806323 | ||
| 003 | BR-BrBNA | ||
| 005 | 20231205112115.0 | ||
| 007 | ta | ||
| 008 | 230509b bl.|||p| |||| 00| 00por d | ||
| 040 |
_aBR-BrBNA _bpor _cBiblioteca Nacional de Agricultura |
||
| 041 | _a(Pt) | ||
| 072 | _aH10 | ||
| 100 | 1 | _aRozwalka, L.C. | |
| 100 | 1 | _aLima, M.L.R.Z. da C. | |
| 100 | 1 | _aMio, L.L.M. de | |
| 100 | 1 | _aNakashima, T. | |
| 245 | 1 | _aExtratos, decoctos e óleos essenciais de plantas medicinais e aromáticas na inibição de Glomerella cingulata e Colletotrichum gloeosporioides de frutos de goaiba | |
| 650 | _aGOAIABA | ||
| 650 | _aDOENÇA DE PLANTA | ||
| 650 | _aANTRACNOSE | ||
| 650 | _aCONTROLE BIOLÓGICO | ||
| 650 | _aCRESCIMENTO | ||
| 650 | _aMICÉLIO | ||
| 773 | 0 |
_tCiência Rural (Brazil) _xISSN 0103-8478 _g(Mar-Apr 2008), v. 38(2) p. 301-307 _wBR0806323 |
|
| 909 |
_a202311 _bLúcia _c55 _dLúcia Elande |
||
| 942 |
_2AGRIS _n0 _cANA |
||
| 999 |
_c196130 _d196130 |
||